000 00437nam a2200133 4500
999 _c13984
_d13984
008 190724b ||||| |||| 00| 0 eng d
082 _aDPer 050 T48 Apr-June 2016 v. 187 n. 12-24
100 _aRomney, Mitt.
_938924
245 _aPaul Ryan:
_brepublican idealist/
_cMitt Romney.
260 _aHong Kong:
_bTime Asia,
_cc2016.
300 _av187 n16-17, page 82:
_billustrations;
_c27 cm.
650 _aPolitics.
_938925
942 _2ddc
_cPER